Statistics for Bejeweled Lyrics

Click here to take the quiz!

General Stats

  • This quiz has been taken 2 times
  • The average score is 248 of 410

Answer Stats

Answer% Correct
a
100%
bejeweled
100%
believe
100%
best
100%
Best
100%
can
100%
do
100%
he
100%
i
100%
i'm
100%
in
100%
me
100%
my
100%
room
100%
shimmer
100%
still
100%
the
100%
they
100%
up
100%
walk
100%
when
100%
you
100%
your
100%
and
50%
as
50%
ask
50%
band
50%
basement
50%
breeds
50%
by
50%
contempt
50%
diamonds
50%
did
50%
don't
50%
eyes
50%
familliarity
50%
first
50%
gave
50%
going
50%
have
50%
heart
50%
land
50%
love
50%
make
50%
man
50%
nice
50%
night
50%
of
50%
on
50%
out
50%
penthouse
50%
place
50%
polish
50%
put
50%
real
50%
reclaim
50%
remember
50%
say
50%
sparkling
50%
then
50%
to
50%
tonight
50%
way
50%
whole
50%
you're
50%
all
0%
aura's
0%
Baby
0%
became
0%
been
0%
boy
0%
but
0%
cause
0%
change
0%
credit
0%
curve
0%
dancing
0%
didn't notice
0%
extra
0%
face
0%
five
0%
girl
0%
gonna
0%
good
0%
got
0%
gotta
0%
graded
0%
guy
0%
heard
0%
high
0%
if
0%
it's
0%
i've
0%
just
0%
kind
0%
lessons
0%
line
0%
little
0%
made
0%
meet
0%
might
0%
mind
0%
miss
0%
moonstone
0%
only
0%
over
0%
peace
0%
present
0%
Putting
0%
sadness
0%
said
0%
sapphire
0%
shine
0%
shoes
0%
sky
0%
some
0%
someone
0%
teach
0%
tears
0%
their
0%
think
0%
time
0%
too
0%
top
0%
try
0%
wait
0%
walking
0%
want
0%
was
0%
we're
0%
what's
0%
works
0%
world
0%

Score Distribution

Percentile by Number Answered

Percent of People with Each Score

Your Score History

You have not taken this quiz